[Event "47th Rilton Cup 2017"]
[Site "?"]
[Date "2018.01.03"]
[Round "7"]
[White "Narayanan, Srinath"]
[Black "Gledura, Benjamin"]
[Result "0-1"]
[WhiteElo "2527"]
[BlackElo "2612"]
[Annotator "TA"]
[PlyCount "216"]
[EventDate "2018.??.??"]
[EventType "swiss"]
[EventCountry "SWE"]
[SourceTitle "Stockholm"]

{[%evp 23,216,-18,-21,-18,-3,-12,0,-5,0,-45,-62,-113,-118,-110,-126,-125,-110,-124,-119,-106,-108,-104,-135,-97,-119,-112,-102,-118,-129,-140,-87,-85,-85,-85,-90,-86,-88,-77,-77,-77,-77,-78,-80,-88,-89,-78,-61,-60,-64,-102,-84,-126,-122,-214,-215,-215,-199,-214,-208,-203,-197,-370,-370,-370,-370,-370,-370,-370,-366,-340,-340,-325,-300,-370,-370,-370,-305,-502,-235,-29951,-29950,-29950,-29949,-29952,-4151,-29958,-29960,-29960,-4151,-29944,-4151,-29946,-11884,-29961,-4151,-7220,-7220,-29964,-29966,-29962,-29963,-29971,-29972,-29973,-29974,-29974,-29975,-29975,-29976,-29981,-29982,-29982,-29983,-29983,-29979,-29978,-29975,-29977,-29978,-29978,-29979,-29979,-29980,-29981,-29971,-29970,-29972,-29974,-29975,-29974,-29975,-29979,-29980,-29980,-29979,-29980,-29973,-29972,-29974,-29974,-29975,-29975,-29978,-29978,-29975,-29977,-29978,-29978,-29979,-29977,-29975,-29980,-29980,-29981,-29982,-29982,-29983,-29983,-29975,-29976,-29977,-29977,-29978,-29978,-29978,-29978,-29978,-29980,-29981,-29981,-29980,-29982,-29976,-29983,-29984,-29984,-29985,-29985,-29986,-29987,-29988,-29988,-29988,-29989,-29990,-29990,-29990,-29991,-29990,-29990,-29991,-29994,-29990,-29995,-4149]} 1. Nf3 Nf6 2. g3 g6 3. Bg2 Bg7 4. c4 O-O 5. O-O d6 6. Nc3 e5 7. d3 a5 8. Rb1 {A24: English Opening vs King's Indian: Lines without ...Nc6} Re8 9. Nd2 c6 10. a3 (10. Nde4 Na6 11. b3 Nxe4 12. dxe4 Be6 13. Ba3 Nc5 14. Qc2 Qc7 15. Rfd1 Rad8 16. Bc1 {1-0 (36) Swiercz,D (2664)-Kanarek,M (2533) Hucisko 2016}) 10... d5 11. b4 axb4 12. axb4 Be6 {LiveBook: 7 Games} 13. b5 Nbd7 14. Qc2 Bf8 $146 ({Predecessor:} 14... Qe7 15. Bb2 Nc5 16. bxc6 bxc6 17. Ra1 d4 {1-0 (48) Nikitin,A (2480)-Iskusnyh,S (2440) Seversk 1997}) 15. bxc6 bxc6 16. cxd5 cxd5 17. Nb5 (17. Nf3 $15) 17... Qa5 $17 {aiming for ...Rab8.} 18. Nf3 Rec8 19. Qb2 Rab8 $1 20. Bd2 Qa6 21. Nxe5 Nxe5 22. Qxe5 {Hoping for Bc3.} Ng4 $1 {[%cal Rg4e5]} 23. Qb2 Bd7 {[%cal Rb8b5]} 24. Qd4 {Strongly threatening Bc3.} Bg7 25. Qxd5 Bxb5 26. Bf4 Bc6 ({Black should play} 26... Rb6 $1 27. Rfc1 Be8) 27. Qxc6 Qxc6 (27... Rxc6 $2 {is the wrong capture.} 28. Rxb8+ Bf8 29. Bxc6 $18) 28. Bxc6 Rxb1 29. Rxb1 Rxc6 30. Rb8+ Bf8 31. h3 Nf6 32. Bh6 {[%csl Gh6][%cal Rb8f8]} Nd7 33. Rd8 Rc7 34. d4 f5 35. e3 Kf7 36. Bf4 Rb7 37. Rc8 Nf6 38. Rc7+ (38. Be5 $17 Ne4 39. Rc2) 38... Rxc7 $19 39. Bxc7 Ke6 40. Ba5 Kd5 41. Bd8 Ne4 42. g4 $2 (42. Kf1 {keeps fighting.}) 42... Nd2 43. gxf5 gxf5 44. Kg2 Ke4 45. Bc7 Be7 46. Ba5 Nf3 47. Bc7 Bf6 48. Bb8 Bh4 49. Kf1 Bg5 50. Kg2 $2 (50. Ba7) 50... f4 51. exf4 $2 (51. d5 $19) 51... Bxf4 52. Ba7 Nh4+ 53. Kf1 {[#]} Kf3 $1 54. Bb6 Nf5 55. Bc5 h5 (55... Bd2 $142 56. d5 Bf4 57. Ke1 Ke4 58. Ke2 Be5 59. f3+ Kxd5 60. Bg1 Ng7 61. Bb6 Ne6 62. Be3 Bf4 63. Bf2 Ng5 64. h4 Ne6 65. Kf1 h5 66. Ke1 Ng7 67. Ke2 Nf5 68. Kf1 Bg3 69. Bg1 Kc4 70. Ba7 Kd3 71. Bc5 Bxh4 72. Bg1 Bf6 73. Bb6 Bd4 74. Bd8 Ke3 75. Kg2 Kf4 76. Bc7+ Be5 77. Bd8 Nd4 78. Bb6 Nxf3 79. Kh3 Bf6 80. Bc7+ Ke4 81. Bg3 Ng1+ 82. Kg2 Ne2 83. Kf2 Nc1 84. Kg2 Nd3 85. Bc7 h4 86. Bd6 Be5 87. Be7 Nf4+ 88. Kh1 h3 89. Bd8 Nd5 90. Kg1 Kf3 91. Kh1 Nc3 92. Kg1 h2+ 93. Kh1 Ne4 94. Bb6 Kg3 95. Bg1 hxg1=N 96. Kxg1 Nf2 97. Kf1 Kf3 98. Kg1 Ba1 99. Kh2 Bh8 100. Kg1 Be5 101. Kf1 Bh2 102. Ke1 Ne4 103. Kd1 Ke3 104. Kc2 Nd2 105. Kb2 Bd6 106. Kc3 Ba3 107. Kc2 Bb4 108. Kd1 Bd6 109. Ke1 Bb4 110. Kd1 Kf2 111. Kc1 Ke1 112. Kc2 Ke2 113. Kc1 Kd3 114. Kb2 Be7 115. Kc1 Nc4 116. Kd1 Ne3+ 117. Kc1 Kc3 118. Kb1 Ba3 119. Ka1 Kb3 120. Kb1 Nd1 121. Ka1 Bb2+ 122. Kb1 Nc3#) 56. Bb6 Bd6 (56... Ne7 $142 57. Ke1 Nd5 58. Bc5 Kg2 59. h4 Bc7 60. Kd2 Kxf2 61. Kd3 Kf3 62. Kc4 Ke4 63. Kb3 Bg3 64. Ba7 Bxh4 65. Bb8 Bf2 66. Bh2 h4 67. Kb2 Bg3 68. Bg1 h3 69. Kb3 Kf3 70. Kc4 Kg2 71. Bh2 Kxh2 72. Kxd5 Kg2 73. Kc4 h2 74. Kb3 h1=Q 75. Kc3 Qc1+ 76. Kb4 Bd6+ 77. Kb5 Qc7 78. Ka6 Qc6+ 79. Ka7 Bc7 80. d5 Qb6+ 81. Ka8 Qb8#) 57. Ba7 Bc7 58. Bc5 Bh2 (58... Ba5 $142 59. d5 Bc7 60. Bf8 Bb6 61. Ke1 Bxf2+ 62. Kd2 Bg3 63. Kd3 Bd6 64. Bxd6 Nxd6 65. Kd4 Kg3 66. h4 Kxh4 67. Ke5 Nb7 68. Kf4 Kh3 69. Ke5 h4 70. d6 Kg4 71. Ke6 h3 72. Kd5 h2 73. Kd4 h1=Q 74. d7 Qd1+ 75. Kc3 Qxd7 76. Kb4 Qd3 77. Ka4 Qb1 78. Ka3 Nd6 79. Ka4 Qb2 80. Ka5 Qb5#) 59. Bb6 Ne7 60. Bd8 Nd5 {Black mates.} 61. Bg5 Bf4 62. Bd8 Bd2 63. Bh4 Bc3 64. Bg3 Bxd4 65. Kg1 Nc3 66. Bd6 Bxf2+ 67. Kh1 Ne4 68. Bc7 Bg3 69. Bb6 Ng5 70. h4 Ne4 71. Bd8 Kf2 72. Bb6+ Kf1 73. Bd4 Nd6 74. Be5 Nf5 75. Bc7 Bd6 76. Bb6 Nxh4 77. Bf2 Nf5 78. Bb6 Be5 79. Ba7 Bd4 80. Bb8 Bg1 81. Bc7 Nd4 82. Bb6 {[#]} Ne2 $1 {[%cal Re2g3]} 83. Bc7 Be3 84. Bb8 Kf2 85. Bc7 Bf4 86. Bb6+ Kf3 87. Ba7 Nc3 88. Bb6 Ne4 89. Ba7 h4 90. Bb6 h3 91. Ba7 h2 92. Bb6 Kg3 93. Bg1 hxg1=Q+ 94. Kxg1 Nf2 95. Kf1 Kf3 96. Kg1 Be5 97. Kf1 Bh2 98. Ke1 Ne4 99. Kd1 Ke3 100. Kc2 Nd2 101. Kc3 Bd6 102. Kc2 Be5 103. Kd1 Kd3 104. Ke1 Bg3+ 105. Kd1 Bf2 106. Kc1 Nc4 107. Kb1 Kc3 108. Ka2 Kc2 {Precision: White = 38%, Black = 82%.} (108... Be3 $142 109. Kb1 Kb3 110. Ka1 Bh6 111. Kb1 Na3+ 112. Ka1 Bg7#) 0-1

[Event "47th Rilton Cup 2017"]
[Site "?"]
[Date "2018.01.03"]
[Round "7"]
[White "Nihal, Sarin"]
[Black "Sasikiran, Krishnan"]
[Result "1/2-1/2"]
[WhiteElo "2524"]
[BlackElo "2680"]
[Annotator "RC"]
[PlyCount "64"]
[EventDate "2018.??.??"]
[EventType "swiss"]
[EventCountry "SWE"]
[SourceTitle "Stockholm"]
[TimeControl "40/5400+30:1800+30"]
[WhiteClock "0:12:39"]
[BlackClock "0:13:43"]

1. d4 {[%emt 0:00:00]} d5 {[%emt 0:00:20]} 2. c4 {[%emt 0:00:00]} e6 {[%emt 0:00:09]} 3. Nf3 {[%emt 0:00:00]} Nf6 {[%emt 0:00:12]} 4. Nc3 {[%emt 0:00:00]} c6 {[%emt 0:00:12]} 5. e3 {[%emt 0:00:00]} Nbd7 {[%emt 0:00:08]} 6. Qc2 {[%emt 0:00:08]} Bd6 {[%emt 0:00:11]} 7. b3 {[%emt 0:00:06]} O-O {[%emt 0:00:15]} 8. Be2 {[%emt 0:00:04]} b6 {[%emt 0:07:37]} 9. O-O {[%emt 0:00:15]} Bb7 {[%emt 0:00:06]} 10. Bb2 {[%emt 0:00:04]} Re8 {[%emt 0:02:44]} 11. Rad1 {[%emt 0:08:21]} Rc8 {[%emt 0:05:56]} 12. e4 {[%emt 0:09:41]} e5 {[%emt 0:09:06]} 13. dxe5 {[%emt 0:25:37]} Nxe5 {[%emt 0:06:27]} 14. exd5 {[%emt 0:13:58]} cxd5 {[%emt 0:05:00]} 15. Nxe5 {[%emt 0:02:15]} Bxe5 {[%emt 0:06:10]} 16. Bf3 {[%emt 0:01:21]} Qc7 {[%emt 0:04:34]} 17. Nxd5 {[%emt 0:02:28]} Bxd5 {[%emt 0:05:30]} 18. Bxd5 {[%emt 0:00:30]} Bxh2+ {[%emt 0:00:44]} 19. Kh1 {[%emt 0:00:01]} Be5 {[%emt 0:02:12]} 20. Bc1 {[%emt 0:09:41]} Bf4 {[%emt 0:07:51]} 21. Bb2 {[%emt 0:06:29]} Nxd5 {[%emt 0:11:08]} 22. Rxd5 {[%emt 0:00:15]} Qc6 {[%emt 0:01:38]} 23. Qd1 {[%emt 0:00:16]} Qh6+ {[%emt 0:01:47]} 24. Rh5 {[%emt 0:00:27]} Qg6 {[%emt 0:00:51]} 25. Rd5 {[%emt 0:02:18]} Qh6+ {[%emt 0:07:39]} 26. Rh5 {[%emt 0:00:04]} Qg6 {[%emt 0:00:03]} 27. Rd5 {[%emt 0:00:08]} Rc6 {[%emt 0:01:01]} 28. Qf3 {[%emt 0:06:29]} Qe4 {[%emt 0:02:11]} 29. Qxe4 {[%emt 0:01:15]} Rh6+ {[%emt 0:00:04]} 30. Kg1 {[%emt 0:00:03]} Bh2+ {[%emt 0:00:07]} 31. Kh1 {[%emt 0:00:01]} Bc7+ {[%emt 0:01:16]} 32. Kg1 {[%emt 0:00:02]} Bh2+ {[%emt 0:00:12]} 1/2-1/2

[Event "47th Rilton Cup 2017"]
[Site "?"]
[Date "2018.01.03"]
[Round "7"]
[White "Santos Ruiz, Miguel"]
[Black "Haria, Ravi"]
[Result "1-0"]
[WhiteElo "2510"]
[BlackElo "2374"]
[Annotator "TA"]
[PlyCount "87"]
[EventDate "2018.??.??"]
[EventType "swiss"]
[EventCountry "SWE"]
[SourceTitle "Stockholm"]

{[%evp 18,87,52,37,44,41,37,30,39,34,45,45,29,22,72,54,53,0,47,20,38,30,30,23,25,22,23,25,17,16,29,29,111,111,115,121,139,118,140,130,143,137,133,94,151,127,134,138,159,149,162,144,187,89,138,16,34,0,225,235,696,688,583,575,5185,3218,29987,6817,29988,29989,29993,29994]} 1. e4 e6 2. d4 d5 3. Nd2 dxe4 4. Nxe4 Bd7 5. Nf3 Bc6 6. Bd3 Nd7 7. c3 Be7 {C10: French with 3 Nc3: Unusual Black 3rd moves and 3...dxe4} (7... Bxe4 8. Bxe4 c6 9. Qe2 Ngf6 10. Bc2 Bd6 11. Bg5 Qc7 12. g3 O-O 13. O-O h6 14. Bd2 c5 15. Rad1 Rfe8 16. Rfe1 a6 17. dxc5 Bxc5 18. Bf4 e5 19. Bc1 {½-½ (61) Ponomariov,R (2694)-Miton,K (2584) Riadh 2017}) 8. Qe2 Ngf6 9. Nxf6+ Bxf6 10. Bf4 {LiveBook: 3 Games} Bxf3 11. Qxf3 c6 12. Qg3 $146 ({Predecessor:} 12. O-O O-O 13. Rfe1 Re8 14. Rad1 Bg5 15. Bg3 Qf6 {½-½ (34) Mouradian,K (2095)-Houli,A (2101) Dubai 2004}) 12... O-O 13. Bc7 Qc8 14. O-O-O Re8 15. Rhe1 g6 16. Bd6 Qd8 17. Bc7 Qc8 18. Re4 Bg5+ 19. Qxg5 (19. Kc2 {with more complications.} Nf6 20. Ree1 Nd5 21. Be5 Qd8 22. Kb1) 19... Qxc7 20. h4 {[%cal Bh2h4,Bh4h5,Bh5g6][%mdl 32]} Qd8 21. Qg3 Nf6 22. Re5 Qd6 23. f4 Nd7 24. Rg5 {Black must now prevent h5.} Kf8 (24... f6 $11 {remains equal.} 25. Rg4 Kh8) 25. h5 $1 $16 {[%cal Rh5g6]} h6 {[#]} 26. Re5 $1 $36 {[%mdl 2560] White is on the roll.} Nxe5 27. dxe5 Qe7 28. hxg6 f5 29. exf6 $1 Qxf6 30. Qe3 Kg7 (30... Rad8 $142) 31. Rh1 {[%mdl 1024] White has strong compensation.} Rad8 {With the idea ...Rxd3.} 32. Be4 Rf8 33. g3 {[%cal Bg2g3,Bg3g4,Bg4g5][%mdl 32]} b6 34. Rh5 Rd6 35. Qf3 (35. a3 $18) 35... Rfd8 {[#]} 36. Rh2 ({Better is} 36. Rh1 $1 $16) 36... Rd1+ 37. Kc2 R1d5 $2 {[#]} (37... Qf8 $11) 38. g4 $1 $18 ({Worse is} 38. Bxd5 Rxd5 39. Kc1 Qxg6 $14) 38... e5 $2 (38... Rh8 39. Bxd5 cxd5) 39. Bxd5 {And now g5 would win.} cxd5 40. f5 Rd7 41. Qe3 d4 42. Qxh6+ Kg8 43. g5 Qxf5+ 44. Kb3 {Precision: White = 63%, Black = 47%.} 1-0

[Event "47th Rilton Cup 2017"]
[Site "?"]
[Date "2018.01.03"]
[Round "7"]
[White "Blomqvist, Erik"]
[Black "Hammer, Jon Ludvig"]
[Result "1/2-1/2"]
[WhiteElo "2502"]
[BlackElo "2621"]
[Annotator "TA"]
[PlyCount "68"]
[EventDate "2018.??.??"]
[EventType "swiss"]
[EventCountry "SWE"]
[SourceTitle "Stockholm"]

{[%evp 28,68,6,5,10,6,8,8,13,0,0,0,0,1,23,6,7,0,5,0,0,0,0,-2,0,0,0,0,0,0,0,-6,0,0,0,0,0,0,0,0,0,0,0]} 1. e4 e5 2. Nf3 Nc6 3. Bb5 Nf6 4. O-O Nxe4 5. Re1 Nd6 6. Nxe5 Be7 7. Bf1 Nxe5 8. Rxe5 O-O 9. d4 Bf6 10. Re1 Re8 {C67: Ruy Lopez: Berlin Defence: 4 0-0 Nxe4} 11. Bf4 Rxe1 12. Qxe1 Ne8 13. c3 (13. Bd3 d5 14. Be5 g6 15. Bxf6 Nxf6 16. Nd2 Qe8 17. Qc1 Bg4 18. Qe1 Qxe1+ 19. Rxe1 {½-½ (52) Carlsen,M (2837)-Wang,H (2709) Riadh 2017}) 13... d5 14. Bd3 g6 15. Nd2 {LiveBook: 38 Games} Ng7 16. Nf3 Bf5 17. Bxf5 Nxf5 18. Qe2 {[#]} c6 $146 19. Re1 Ng7 20. Be5 Ne6 21. Bxf6 Qxf6 {The position is equal.} 22. Qe5 Kg7 23. g3 (23. h4 {with more complications.} Re8 24. Qg3 Qd8 25. Ne5 c5 26. f4) 23... Re8 24. Kg2 Qxe5 25. Rxe5 $11 {[%mdl 4096] Endgame KRN-KRN} f6 26. Re3 Nc7 27. Rxe8 Nxe8 {KN-KN} 28. Ne1 Nd6 29. Nd3 a5 30. a4 b5 31. Nc5 Nc4 32. b3 Nd2 33. f3 bxa4 34. bxa4 Kf7 {Precision: White = 60%, Black = 76%.} 1/2-1/2

[Event "47th Rilton Cup 2017"]
[Site "?"]
[Date "2018.01.03"]
[Round "7"]
[White "Thybo, Jesper Sondergaard"]
[Black "Kotronias, Vasilios"]
[Result "0-1"]
[WhiteElo "2481"]
[BlackElo "2533"]
[Annotator "TA"]
[PlyCount "90"]
[EventDate "2018.??.??"]
[EventType "swiss"]
[EventCountry "SWE"]
[SourceTitle "Stockholm"]

{[%evp 15,90,22,24,19,15,24,71,-24,55,47,60,56,63,59,52,62,112,62,97,62,88,35,29,32,200,229,173,201,179,-96,-93,-158,-173,-168,-162,-155,-170,-152,-174,-181,-189,-172,-175,-164,-150,-153,-172,-183,-187,-308,-274,-272,-265,-266,-236,-243,-244,-216,-186,-439,-436,-466,-466,-2803,-2791,-1833,-1681,-1533,-1412,-5116,-4867,-29983,-29984,-29987,-29988,-29988,-29989]} 1. e4 c5 2. Nf3 d6 3. Bb5+ Nd7 4. d4 cxd4 5. Qxd4 a6 6. Bxd7+ Bxd7 7. c4 {B51: Sicilian: Moscow Variation (3 Bb5+) without 3...Bd7} (7. Nc3 e5 8. Qd3 Rc8 9. O-O Qc7 10. a4 Be7 11. Rd1 h6 12. Nd2 Nf6 13. Nf1 O-O 14. Ne3 Be6 15. a5 Rfd8 {½-½ (58) Demchenko,A (2660)-Vachier Lagrave,M (2789) Riadh 2017}) 7... Rc8 8. Nc3 e6 {LiveBook: 5 Games} 9. O-O {White has an edge.} Qc7 10. b3 b5 11. Nd2 (11. Ba3 $1 $16) 11... Ne7 $146 (11... Be7 $11 12. Bb2 (12. Qxg7 Bf6 $17) 12... Nf6) ({Predecessor:} 11... Be7 12. Ba3 Bf6 13. Qd3 Qa5 14. Bb2 b4 {1-0 (42) Taddei,B (2348)-Ratsma,R (2035) Vlissingen 2014}) 12. Bb2 $14 b4 13. Ne2 f6 14. Qd3 Nc6 15. Qg3 Qb6 16. Kh1 a5 17. Rad1 a4 18. c5 (18. Nf4 $16) 18... Qxc5 19. Nc4 $1 {[%cal Rc4d6]} Ne5 $2 (19... a3 $14 20. Ba1 (20. Nxd6+ Bxd6 21. Qxg7 Rf8 $15) 20... Nd8) 20. Bxe5 $1 $18 dxe5 21. f4 $1 {[%cal Rf4e5]} Bb5 {[#]} 22. fxe5 $2 ({White has to play} 22. Rc1 $1 $18) 22... Bxc4 $17 23. exf6 ({Better is} 23. bxc4 Qxe5 24. Nf4) 23... Bxe2 24. fxg7 Rg8 25. Rxf8+ Rxf8 26. g8=Q Qe7 $40 {[%mdl 128] Black is out for blood.} ({Worse is} 26... Rxg8 27. Qxg8+ Ke7 28. Qg7+ Ke8 29. Qg8+ Ke7 30. Qg7+ Ke8 31. Qg8+ $11) 27. Q8g5 Qxg5 ({Inferior is} 27... Bxd1 28. Qb5+ Qd7 29. Qxd7+ Kxd7 30. Qd3+ Ke7 31. Qxd1 $11) 28. Qxg5 {Threatens to win with Re1.} Bxd1 {[%cal Rf8f1]} 29. Qb5+ Ke7 {And now ...Bxb3! would win.} 30. Qxb4+ Kf7 31. Qxa4 {[#] Hoping for Qd7+.} Bxb3 $1 {[%cal Rc8c1][%mdl 512]} 32. Qa3 {[#]} (32. Qa7+ $142 Kg6 33. h4) (32. axb3 Rc1#) 32... Bxa2 $1 {[%mdl 512]} 33. h4 (33. Qxa2 Rc1#) 33... Bc4 34. Qf3+ Ke8 35. Qh5+ {[#]} Rf7 $1 36. Qe5 Ke7 37. Qg5+ $2 (37. Qd4) 37... Kf8 $19 38. Qe5 {Qh8+ is the strong threat.} Kg8 39. h5 (39. Qg5+ $142 Rg7 40. Qe5) 39... h6 40. Kh2 Rg7 41. Qf4 Kh7 42. g4 Rcg8 43. Kh3 Be2 {Black mates.} 44. e5 Rxg4 45. Qf7+ R8g7 {Precision: White = 37%, Black = 54%.} 0-1

[Event "47th Rilton Cup 2017"]
[Site "?"]
[Date "2018.01.03"]
[Round "7"]
[White "Leenhouts, Koen"]
[Black "Paltrinieri, Nicholas"]
[Result "1-0"]
[WhiteElo "2478"]
[BlackElo "2283"]
[Annotator "TA"]
[PlyCount "63"]
[EventDate "2018.??.??"]
[EventType "swiss"]
[EventCountry "SWE"]
[SourceTitle "Stockholm"]

{[%evp 19,63,29,50,-13,0,-43,35,40,45,56,51,40,23,17,87,79,152,148,147,129,116,101,94,121,373,105,145,148,262,257,244,81,864,864,1598,1556,29984,29985,29985,29986,29986,29987,29987,29988,29994,6429]} 1. e4 e6 2. d3 d5 3. Nd2 c5 4. Ngf3 Nc6 5. g3 Nge7 6. Bg2 g6 7. O-O Bg7 8. Re1 h6 9. c3 {A08: Königsindisch im Anzug} a5 10. a4 b6 {LiveBook: 10 Partien} 11. Qc2 ({Lieber} 11. exd5 $14 exd5 12. Nb3) 11... Ra7 12. Nf1 dxe4 $146 ({Günstiger ist} 12... d4 $15) ({Vorgänger:} 12... d4 13. Bd2 e5 14. c4 O-O 15. h3 Be6 16. Qc1 Kh7 17. g4 Nb4 18. Bxb4 cxb4 {0-1 (47) Santhosh,P (2038)-Barsov,A (2534) Sharjah 2014}) 13. dxe4 $14 Ba6 14. Rd1 Rd7 15. Rxd7 Qxd7 16. Qb3 O-O (16... Nc8 $11) 17. Qxb6 $16 Bxf1 (17... Be2 $142) 18. Bxf1 Qd1 19. Kg2 f5 20. Qxc5 {Droht Dc4 und aus.} fxe4 21. Ng1 $1 Ne5 $2 {[%mdl 8192]} (21... Qc2 $16 {kämpft weiter.} 22. Nh3 g5) 22. Be2 $2 (22. Qxe7 $18 Ng4 23. Qxe6+ Kh7 24. Bf4 Qxa1 25. Qxg4) 22... Qe1 23. Bxh6 $1 ({Viel schlechter ist} 23. Qxe7 $6 Qxf2+ 24. Kh3 Qf5+ 25. Kg2 (25. g4 $2 Nxg4 26. Qxe6+ Qxe6 $19) 25... Qf2+ 26. Kh3 Qf5+ 27. Kg2 (27. g4 $2 Nxg4 28. Qxe6+ Qxe6 $19) 27... Qf2+ $11) 23... Qxa1 (23... Rxf2+ $16 {war angesagt.} 24. Qxf2 Qxa1) 24. Bxg7 $18 Kxg7 25. Qxe7+ $2 (25. Qxe5+ $18 {ist der präzise Gewinnweg.} Rf6 26. Nh3 (26. Qxe4 Qxb2 27. c4 Nf5 $16)) 25... Nf7 $2 {[%mdl 8192]} (25... Rf7 $16 26. Qxe6 Nd3) 26. Nh3 Qxb2 {[#]} 27. Nf4 $1 {[%cal Rf4e6]} Rc8 28. Nxe6+ {Weiß setzt Matt.} Kg8 29. Qf6 {[%csl Ge6][%cal Rf6g7]} Qxc3 30. Qxg6+ Kh8 31. Qxf7 e3 {[#]} 32. Nf4 {Precision: Weiß = 40%, Schwarz = 18%.} (32. Bd3 $142 $1 Qc6+ (32... Qxd3 33. Qg7#) 33. f3 Qc2+ 34. Bxc2 Rxc2+ 35. Kh3 Rxh2+ 36. Kxh2 e2 37. Qg7#) 1-0

[Event "47th Rilton Cup 2017"]
[Site "?"]
[Date "2018.01.03"]
[Round "7"]
[White "Sammalvuo, Tapani"]
[Black "Kulaots, Kaido"]
[Result "1/2-1/2"]
[WhiteElo "2418"]
[BlackElo "2591"]
[Annotator "TA"]
[PlyCount "137"]
[EventDate "2018.??.??"]
[EventType "swiss"]
[EventCountry "SWE"]
[SourceTitle "Stockholm"]

{[%evp 21,137,12,31,20,21,20,34,29,40,0,16,-33,6,0,0,0,0,0,0,0,0,0,0,10,7,0,0,0,0,0,25,20,22,23,46,-21,0,7,39,0,0,0,1,-4,-2,-6,0,0,14,14,14,0,6,0,8,8,5,0,0,0,0,0,66,0,66,41,37,37,59,59,59,59,59,59,59,59,59,59,90,59,90,90,90,85,90,90,90,90,90,90,90,90,90,90,90,90,90,90,90,90,90,90,100,90,90,90,100,90,90,90,90,0,0,0,0,0,0,0]} 1. d4 Nf6 2. c4 e6 3. Nf3 d5 4. Nc3 Bb4 5. cxd5 exd5 6. Bg5 h6 7. Bh4 O-O {D38: Queen's Gambit Declined: Ragozin Defence (4 Nf3 Bb4)} 8. e3 Bf5 9. Qb3 Bxc3+ 10. bxc3 Nbd7 {[%cal Bb8d7,Bd7c5,Bc5e4][%mdl 32]} 11. Be2 c5 {LiveBook: 9 Games} 12. dxc5 Nxc5 13. Qb4 Nce4 14. Nd4 Bh7 {[#]} 15. f3 $146 ({Predecessor:} 15. O-O) 15... a5 (15... g5 {with more complications.} 16. Bf2 Nxf2 17. Kxf2 Re8 18. Qxb7 Qd6) 16. Qb3 (16. Qa3 {is more complex.}) 16... Nc5 (16... g5 $5 {[%cal Rg5h4]} 17. Bf2 (17. fxe4 gxh4 18. exd5 Nxd5 $15) 17... Nxf2 18. Kxf2 Qe7 $11) 17. Qb5 Qe7 18. Bf2 Rfc8 19. O-O Ne8 {[%cal Bf6e8,Be8d6,Bd6c4][%mdl 32]} 20. a4 Nd6 21. Qb2 Nd3 22. Bxd3 $1 Bxd3 23. Rfd1 Nc4 24. Qc1 Bh7 25. Ne2 Rd8 26. Nf4 Qe5 27. Rd4 Rac8 28. Kh1 ({White should play} 28. h4 $14) 28... Kh8 29. Ra2 Rd6 (29... g5 $5 {[%cal Rg5f4]} 30. Ne2 Qe6 $15) 30. Qd1 {[%cal Rf4d5]} Nxe3 31. Qe1 Nc4 {next ...Qxe1+ is good for Black.} 32. Qxe5 Nxe5 33. Nxd5 Nd3 34. Bg1 Rcd8 35. Nb6 Rxd4 36. Bxd4 Re8 37. h3 Bf5 38. Rd2 Nc1 39. Nc4 Nb3 {[#] Hoping for ...Re1+.} 40. Rb2 Nxd4 41. cxd4 $11 {[%cal Bc3d4,Bd4d5,Bd5e6,Be6f7][%mdl 4128] Endgame KRB-KRN} Re1+ 42. Kh2 Ra1 (42... Rd1 $1 $11) 43. Nd6 Be6 44. Rb5 Rxa4 45. d5 Rd4 $1 {[%cal Rd4d5]} 46. dxe6 Rxd6 47. exf7 $14 {KR-KR} Rf6 48. Rxb7 Kh7 49. h4 a4 50. Ra7 (50. h5 {looks sharper.} a3 51. Ra7 a2 52. Rxa2 Rxf7 53. Ra5) 50... a3 51. Rxa3 {Ra7 is the strong threat.} Rxf7 52. g4 Re7 53. Kg3 Rf7 54. Ra6 Re7 55. Rb6 Rd7 56. Re6 Rf7 57. h5 Rb7 58. Re3 Rc7 59. f4 Kg8 60. Kf3 Kf7 61. Rd3 Re7 62. Rd5 Rb7 63. Ke4 Rc7 64. Kf5 Rb7 65. Ra5 Rc7 66. g5 (66. Rb5 $16) 66... hxg5 $11 {The position is equal.} 67. fxg5 g6+ $1 68. hxg6+ Kg7 69. Ke4 {Precision: White = 44%, Black = 61%.} 1/2-1/2